000 00541nam a22001937a 4500
005 20220803094450.0
008 220802b ||||| |||| 00| 0 eng d
040 _cAL
041 _aEnglish
082 _223
_a330.95404
_bSREA
100 _aK Sreenivasan
_954517
245 _aAnatomy of Progress
260 _aBombay
_bSomaiya Publications Pvt.Ltd
_c1971
300 _a176 p.
_bHB
_c22x14 cm.
650 _asprit of Innovation
_954518
650 _aThe Burden of Tradition
_954519
700 _aSREENIVASAN (K)
_954520
942 _2ddc
_cGF
999 _c224384
_d224384